Medical tourism and economic development (Record no. 20524)

MARC details
000 -LEADER
fixed length control field 00468nam a2200169Ia 4500
008 - FIXED-LENGTH DATA ELEMENTS--GENERAL INFORMATION
fixed length control field 230917s9999||||xx |||||||||||||| ||und||
020 ## - ISBN
Price RS895
040 ## - CATALOGING SOURCE
-- 236997
Original cataloging agency VIVEKANANDA LIBRARY
041 ## - Language
-- English
082 ## - DDC NUMBER
Classification number 338.4791 N153M
100 ## - MAIN ENTRY--PERSONAL NAME
Personal name Nandi, Veena Tiwari
245 #0 - TITLE STATEMENT
Title Medical tourism and economic development
260 ## - PUBLICATION, DISTRIBUTION, ETC. (IMPRINT)
Place of publication, distribution, etc New Delhi
Name of publisher, distributor, etc Enkay Publishing
Date of publication, distribution, etc 2013
300 ## - PHYSICAL DESCRIPTION
Pages xii, 276 p.
500 ## - GENERAL NOTE
General note 2530 09/01/2017 IBS17/604 12/01/2017 IHTM (SFS)
942 ## - ADDED ENTRY ELEMENTS (KOHA)
Koha item type Books
Holdings
Withdrawn status Lost status Damaged status Not for loan Location (home branch) Sublocation or collection (holding branch) Shelving location Date acquired Koha issues (times borrowed) Koha full call number Accession No. Koha date last seen Koha item type
        VIVEKANANDA LIBRARY VIVEKANANDA LIBRARY IHTM Library 24/03/2017   338.4791 N153M 361012 17/09/2023 Books
© Designed and Maintained by Vivekananda Library, MDU Rohtak